Kunstwerke aus zerstörten und schwer beschädigten Nürnberger Kirchen : Sonderausstellung im Germanischen Nationalmuseum
Saved in:
| Published in: | Kunstchronik 2(1949), 11, Seite 251-252 |
|---|---|
| Main Author: | |
| Document Type: | Online Resource Article |
| Language: | German |
| Published: |
1949
|
| Subjects: | |
| Online Access: | kostenfrei kostenfrei kostenfrei |
| Related Items: | Enthalten in:
Kunstchronik |
| Author Notes: | Ernst Eichhorn |
| LEADER | 02889caa a2200589 c 4500 | ||
|---|---|---|---|
| 001 | 1672416167 | ||
| 003 | DE-627 | ||
| 005 | 20260626111048.0 | ||
| 007 | cr cn 008aaaaa | ||
| 008 | 190829s1949 xx |||||o 00| ||ger c | ||
| 024 | 7 | |a urn:nbn:de:bsz:16-kc-645086 |2 urn | |
| 024 | 7 | |a 10.11588/kc.1949.11.64508 |2 doi | |
| 035 | |a (DE-627)1672416167 | ||
| 035 | |a (DE-599)KXP1672416167 | ||
| 035 | |a (OCoLC)1264093475 | ||
| 040 | |a DE-627 |b ger |c DE-627 |e rda | ||
| 041 | |a ger | ||
| 084 | |a KUNST |q DE-16 |2 fid | ||
| 100 | 1 | |a Eichhorn, Ernst |d 1921-2007 |e VerfasserIn |0 (DE-588)120266695 |0 (DE-627)080563481 |0 (DE-576)213136864 |4 aut | |
| 245 | 1 | 0 | |a Kunstwerke aus zerstörten und schwer beschädigten Nürnberger Kirchen |b Sonderausstellung im Germanischen Nationalmuseum |c Ernst Eichhorn |
| 264 | 1 | |c 1949 | |
| 336 | |a Text |b txt |2 rdacontent | ||
| 337 | |a Computermedien |b c |2 rdamedia | ||
| 338 | |a Online-Ressource |b cr |2 rdacarrier | ||
| 500 | |a Elektronische Reproduktion der Druckausgabe | ||
| 533 | |a Online-Ausgabe |b Heidelberg |c arthistoricum.net |d 2019 |7 |2019|||||||||| | ||
| 583 | 1 | |a Archivierung/Langzeitarchivierung gewährleistet |x XA-DE-BW |2 pdager |5 DE-16 | |
| 689 | 0 | 0 | |d b |0 (DE-588)36441-1 |0 (DE-627)100837735 |0 (DE-576)190346388 |a Germanisches Nationalmuseum |2 gnd |
| 689 | 0 | 1 | |d g |0 (DE-588)4042742-0 |0 (DE-627)106212834 |0 (DE-576)209052325 |a Nürnberg |2 gnd |
| 689 | 0 | 2 | |d s |0 (DE-588)4030702-5 |0 (DE-627)104731745 |0 (DE-576)208988742 |a Kirche |2 gnd |
| 689 | 0 | 3 | |d s |0 (DE-588)4123592-7 |0 (DE-627)105754005 |0 (DE-576)209561017 |a Kunstwerk |2 gnd |
| 689 | 0 | 4 | |d s |0 (DE-588)4129601-1 |0 (DE-627)104279435 |0 (DE-576)209611855 |a Ausstellung |2 gnd |
| 689 | 0 | 5 | |a z |2 gnd |a Geschichte 1949 |
| 689 | 0 | |5 (DE-627) | |
| 773 | 0 | 8 | |i Enthalten in |t Kunstchronik |d Heidelberg : Universitätsbibliothek Heidelberg, 2019 |g 2(1949), 11, Seite 251-252 |h Online-Ressource |w (DE-627)1670038009 |w (DE-600)2979370-1 |x 2510-7534 |7 nnas |
| 773 | 1 | 8 | |g volume:2 |g year:1949 |g number:11 |g pages:251-252 |
| 856 | 4 | 0 | |u http://dx.doi.org/10.11588/kc.1949.11.64508 |x Verlag |x Resolving-System |z kostenfrei |3 Volltext |7 0 |
| 856 | 4 | 0 | |u https://journals.ub.uni-heidelberg.de/index.php/kchronik/article/view/64508 |x Verlag |z kostenfrei |3 Volltext |7 0 |
| 856 | 4 | 0 | |u http://nbn-resolving.de/urn:nbn:de:bsz:16-kc-645086 |x Verlag |x Resolving-System |z kostenfrei |3 Volltext |7 0 |
| 912 | |a ZDB-282-AAE-article | ||
| 951 | |a AR | ||
| 994 | |u https://ahnp.ub.uni-heidelberg.de/journals/kchronik/article/view/64508 | ||
| 994 | |u https://ahnp.ub.uni-heidelberg.de/journals/kchronik/article/view/64508 | ||
| 994 | |u https://ahnp.ub.uni-heidelberg.de/journals/kchronik/article/view/64508 | ||
| 990 | |a Germanisches Nationalmuseum | ||
| 990 | |a Nürnberg | ||
| 990 | |a Kirche | ||
| 990 | |a Kunstwerk | ||
| 990 | |a Ausstellung | ||
| 990 | |a Geschichte 1949 | ||
| 991 | |a Rezension (Veranstaltung, Ausstellung) | ||
| 999 | |a KXP-PPN1672416167 |e 4039824008 | ||


